Statistics for Countries with the Best Elite Special Forces

Click here to take the quiz!

General Stats

  • This quiz has been taken 49 times
  • The average score is 8 of 50

Answer Stats

CountryForce% Correct
UKSAS
79%
USA (Learnt From The Two
Above)
Navy Seals
72%
UKSBS
58%
USADelta Force
51%
FranceGIGN
51%
GermanyGSG 9
42%
SwitzerlandKS
37%
GermanyKSK
37%
CanadaJTF2
26%
AustraliaSASR
26%
PolandJW Grom
21%
IndiaMarcos
21%
PakistanSSG
19%
IsraelShayetet 13
14%
IndonesiaKopaska
12%
IndonesiaKopassus
12%
MalaysiaPaskal
12%
FranceCommandos
9%
RussiaVYMPEL
9%
BelgiumSFG
7%
ChinaSnow Leopard
7%
RussiaSPETS-A
7%
Czechia (Czech Republic)601-SFG
5%
South Korea707-SMG
5%
TurkeyAmfibi
5%
ArgentinaApca
5%
TaiwanASSC
5%
SerbiaCOBRAS
5%
ItalyComsubin
5%
SpainFGNE
5%
NorwayFSK
5%
PortugalFuzileiros
5%
BrazilGrumec
5%
DenmarkJaeger Corps
5%
NetherlandsKCT
5%
North KoreaNKSOF
5%
TurkeyOKK
5%
IndiaPARA-SF
5%
ChinaPLASOF
5%
IranQuads Force
5%
AlbaniaRenea
5%
ThailandRTA-Ranger
5%
EgyptSa’Ka Forces
5%
Saudi ArabiaSEF
5%
MexicoSF Corps
5%
IsraelS.Matkal
5%
SwedenSOG
5%
PhilippinesS.Rangers
5%
JapanTokushu-SG
5%
SerbiaZandarmerija
5%

Score Distribution

Percentile by Number Answered

Percent of People with Each Score

Your Score History

You have not taken this quiz